| 000 | 00558nam a2200205Ia 4500 | ||
|---|---|---|---|
| 999 |
_c1769 _d1769 |
||
| 003 | 0100 | ||
| 008 | 130227s9999 xx 000 0 und d | ||
| 040 | _cARRUPELIB | ||
| 050 | _aDT450.435.M35 2001 | ||
| 100 |
_aMamdani, Mahmood _930146 |
||
| 245 | _aWhen victims become killers | ||
| 245 | _bcolonialism, nativism, and the genocide in Rwanda | ||
| 260 |
_bFountain Publishers _aKampala _c2001 |
||
| 300 | _axvi | ||
| 300 | _b 364p. 26cm. | ||
| 650 |
_bGenocide _x History _y 20th century _z Rwanda _930128 |
||
| 650 |
_bRwanda _xEthics Relations _xHistory _930147 |
||
| 650 |
_bRwanda _xPolitics _930142 |
||
| 650 |
_bHutu (African people) _xCrimes against _xHistory _y20th century _z Rwanda _930148 |
||
| 650 |
_bTutsi (African people) _xCrimes against _xHistory _y20th century _zRwanda _930149 |
||
| 942 |
_2lcc _07 _cMONOGRAPH |
||